000 01127nam a2200277 a 4500
001 vtls000998110
003 NLI
005 20210627103433.0
008 120215s1980 dcu i f000 0 eng
039 9 _y201202152036
_zVLOAD
040 0 _aNLI
_beng
_cRetro_DSC 1
_eAACR2
041 0 _aeng
044 _a dcu
082 0 4 _a 338.5280973
110 1 _aUnited States.
_bCongress.
_bHouse.
_bCommittee on the Budget.
_bTask Force on Inflation.
_9752651
245 1 0 _aHousing component of the consumer price index :
_bhearings before the task force on inflation of the committee on the budget, house of representatives, ninety-sixth congress, first and second sessions, December 14, 1979 and January 24, 1980
260 _aWashington :
_bUnited States Government Printing Office,
_c1980
300 _aiii, 129 p. ;
_c24 cm.
650 0 _aConsumer price indexes
_zUnited States
_xCongresses
_9927795
650 0 _aHousing
_xPrices
_zUnited States
_9918419
887 _a
901 _aAD 90267
_b20.08.2010
902 _aU.S 338.5280973 Un 3
949 _AVIRTUAITEM
_D10002
_X100
_6ADX000090267ENG
942 _2ddc
_cBKS
999 _aVIRTUA40
_c819476
_d819476